schnelles Eingeben aller Buchstaben - Statistiken

Allgemein
  • Dieses Quiz wurde 174 mal gespielt
  • Das Durchschnittsergebnis liegt bei 22 aus 26
Antwortstatistiken
Antwort % Korrekt
e
97%
a
95%
d
90%
b
89%
c
87%
g
87%
w
87%
f
86%
q
86%
k
85%
i
84%
j
84%
o
83%
h
82%
l
81%
r
81%
s
80%
t
80%
u
80%
m
79%
n
79%
p
78%
v
77%
z
76%
x
72%
y
72%
Keine übereinstimmenden Quizze gefunden
Verteilung der Resultate
Anzahl Personen mit jedem Resultat
Perzentil nach korrekt beantworteten Fragen
Ihre Resultats-Entwicklung
Sie haben dieses Quiz noch nicht gespielt